[Event "CRO-chT3 East-B"]
[Site "Croatia"]
[Date "2005.04.03"]
[Round "3.1"]
[White "Lucan, Darko"]
[Black "Majksner, Vladimir"]
[Result "0-1"]
[WhiteElo "2121"]
[BlackElo "1962"]
[PlyCount "90"]
[EventDate "2005.03.13"]
[EventType "team-tourn"]
[EventRounds "11"]
[EventCountry "CRO"]
[SourceTitle "EXT 2007"]
[Source "ChessBase"]
[SourceDate "2006.11.23"]
[SourceVersion "1"]
[SourceVersionDate "2006.11.23"]
[SourceQuality "1"]
[WhiteTeam "Osijek Hvidra"]
[BlackTeam "Slakovci"]
[WhiteTeamCountry "CRO"]
[BlackTeamCountry "CRO"]

1. e4 c5 2. Nf3 Nc6 3. d4 cxd4 4. Nxd4 e5 5. Nb3 f5 6. exf5 Nf6 7. Be2 Be7 8. Bh5+ Kf8 9. Bf3 d5 10. g4 e4 11. Bg2 h6 12. Bf4 Bd6 13. Bxd6+ Qxd6 14. h3 a5 15. a3 Kf7 16. Nc3 Re8 17. Nd4 Qc5 18. Nce2 Nxd4 19. Nxd4 Bd7 20. c3 Qd6 21. 0-0 Rad8 22. Re1 Qf4 23. Qc1 Qxc1 24. Raxc1 b5 25. Bf1 Rb8 26. f3 g6 27. fxg6+ Kxg6 28. f4 Rg8 29. Kf2 Ne8 30. b4 a4 31. Re3 Nd6 32. Kg3 Kf6 33. Kf2 Rbf8 34. f5 Ke5 35. Nf3+ Kf6 36. Nh4 Kg5 37. Kg3 h5 38. Ng6 Nxf5+ 39. gxf5 Kxf5 40. Bxb5 Rxg6+ 41. Kh4 Bxb5 42. Ree1 Ke5 43. Rg1 Rfg8 44. Rxg6 Rxg6 45. Rc2 e3 0-1